000 00466nab a2200145Ia 4500
003 ES-SlBCS
005 20210601133734.0
008 140529s1998 xxu||||| |||| 00| 0 por d
041 _apor
100 1 _aFerreira Jr., Amarilio
_9208980
245 0 0 _aHistória nova do Brasil: uma filosofia da historia?
_c Amarilio Ferreira Jr.
650 0 4 _aHistoria-Brasil
_9208981
773 0 _tEducaçao e Filosofia
_gvol. 12, nº. 24, 1998, págs. 143-157
_wRev1534
942 _cAR
999 _c601332
_d601332